Mélanges d'histoire des religions / (Record no. 81610)

MARC details
000 -LEADER
campo de control de longitud fija 00588nam a2200193 i 4500
001 - NÚMERO DE CONTROL
campo de control 81610
003 - IDENTIFICADOR DE NÚMERO DE CONTROL
campo de control ES-MaACL
005 - FECHA Y HORA DE LA ÚLTIMA TRANSACCIÓN
campo de control 20250728113737.0
007 - CAMPO FIJO DE DESCRIPCIÓN FÍSICA--INFORMACIÓN GENERAL
campo de control de longitud fija t|
008 - DATOS DE LONGITUD FIJA--INFORMACIÓN GENERAL
campo de control de longitud fija 041105s1909 fr ||||1| fre d
100 1# - ENTRADA PRINCIPAL--NOMBRE DE PERSONA
Nombre de persona Hubert, Henri.
9 (RLIN) 64497
245 10 - MENCIÓN DEL TÍTULO
Título Mélanges d'histoire des religions /
Mención de responsabilidad, etc. par Henri Hubert et M. Mauss.
260 ## - PUBLICACIÓN, DISTRIBUCIÓN, ETC.
Lugar de publicación, distribución, etc. Paris :
Nombre del editor, distribuidor, etc. [s.n.,
Fecha de publicación, distribución, etc. 1909] (
Lugar de fabricación/manufactura Evreux :
Fabricante Ch. Herissey et Fils)
300 ## - DESCRIPCIÓN FÍSICA
Extensión XLII, 236 p. ;
Dimensiones 23 cm.
650 04 - PUNTO DE ACCESO ADICIONAL DE MATERIA--TÉRMINO DE MATERIA
Término de materia o nombre geográfico como elemento de entrada Religiones-
Subdivisión general Historia
9 (RLIN) 16823
700 1# - ENTRADA AGREGADA--NOMBRE PERSONAL
Nombre de persona Mauss, Marcel.
9 (RLIN) 79284
852 ## - LOCALIZACIÓN
Ubicación ES-MaACL
Número de control de estantería B-6604
Holdings
Estatus retirado Estado de pérdida Estado de daño No para préstamo Biblioteca de origen Biblioteca actual Ubicación en estantería Fecha de adquisición Fuente de adquisición Total de préstamos Signatura topográfica completa Código de barras Visto por última vez Precio de reemplazo Tipo de ítem Koha
        Biblioteca del Ateneo de Madrid Biblioteca del Ateneo de Madrid Sala Pardo Bazán 17/01/2008     B-6604 1085305 23/02/2023 23/02/2023 Libro impreso